000
003420000a22001450004500
005
20120302064837.0
942
_c
BOOK
100
_a
Shree Harsha
245
_a
Naishadheeya Charitam
260
_a
Mumbai: Panduranga JAvji ,1933
300
_a
925 p.+ 24 p.
040
_a
San
365
_b
Rs. 14 /-
650
_a
Naishadhiya / Naishadheeya
999
_c
363222
_d
363219